000 01166nam0a2200361 4500
001 RU\NLR\bibl\1279468
005 20250615140738.0
010 _a978-5-222-13663-8
_93000
021 _aRU
_b2008-61625
_93476
035 _a(nilc)EL/0000214272
035 _aVIL\RUSMED\0000138448
035 _a(NLR Aleph) 001265250
090 _a404503
_c404503
100 _a20080827d2008 |||y0rusy50 ca
101 0 _arus
102 _aRU
105 _ay z |||||
200 1 _aКардиология
_eкраткий курс
_fС. И. Баргер
210 _aРостов-на-Дону
_cФеникс
_d2008
215 _a329 с.
_cил.
_d20
225 1 _aМедицина
606 1 _aКардиология
_jРуководства, пособия и т.п.
_9936281
_3RU\NLR\auth\6627041
675 _a616.12
_vudc
686 _a76.29.30
_2rugasnti
686 _aG02.403.776.409.163
_2MeSH
686 _aР410я7
700 1 _aБаргер
_bС. И.
_gСавелий Иосифович
_4070
801 0 _aRU
_bЦНМБ
_c20080827
_gPSBO
801 1 _aRU
_bЦНМБ
_c20080827
801 2 _aRU
_bNLR
_c20081001
_grcr
942 _cBOOK
980 _aNB